| 000 | 00626nam a2200253Ia 4500 | ||
|---|---|---|---|
| 003 | OSt | ||
| 005 | 20140318100405.0 | ||
| 008 | 140130s9999 xx 000 0 und d | ||
| 020 | _a059009842X | ||
| 050 |
_aPZ 7 _b.P75186Ju 1990 |
||
| 100 | _aPolacco, Patricia. | ||
| 245 |
_cPatricia Polacco. _aJust plain fancy / |
||
| 260 |
_bScholastic Inc., _cc1990. _aUSA : |
||
| 300 |
_a38 p. : _bcol. ill. ; _c30 cm. |
||
| 440 | _v1 | ||
| 521 | _aG4 | ||
| 526 | _c660 | ||
| 650 |
_aAmish _xFiction. |
||
| 650 |
_aPeacocks _xFiction. |
||
| 650 |
_aEggs _xFiction. |
||
| 942 |
_cBK _2lcc |
||
| 999 |
_c40901 _d40901 |
||